[Event "DEM U8 2025"]
[Site "Willingen GER"]
[Date "2025.06.13"]
[Round "6"]
[White "Rohr, Leo Max"]
[Black "Trifonov, Martin"]
[Result "1-0"]
[Termination "normal"]
[Board "10"]
[WhiteElo "1160"]
[BlackElo "1397"]
[WhiteClock "00:25:28"]
[BlackClock "00:26:34"]
[PlyCount "91"]
[WhiteFideId "533004340"]
[BlackFideId "2966204"]
[EventCountry "GER"]
[EventRounds "7"]
[EventType "swiss"]
[EventDate "2025.06.10"]

1. d4 {[%clk 01:00:27]} {[%emt 00:00:02]} d5 {[%emt 00:00:22]} 2. Nf3 {[%emt
00:00:09]} Nf6 {[%clk 00:59:54]} {[%emt 00:00:21]} 3. e3 {[%clk 01:00:32]}
{[%emt 00:00:24]} e6 {[%clk 00:57:57]} {[%emt 00:02:12]} 4. Bd3 {[%clk
01:00:18]} {[%emt 00:00:30]} Nbd7 {[%clk 00:57:53]} {[%emt 00:00:18]} 5. b3
{[%clk 01:00:15]} {[%emt 00:00:19]} Be7 {[%clk 00:57:22]} {[%emt 00:00:46]} 6.
Bb2 {[%clk 00:59:38]} {[%emt 00:00:51]} b6 {[%clk 00:57:25]} {[%emt 00:00:13]}
7. Nbd2 {[%clk 00:59:37]} {[%emt 00:00:15]} O-O {[%clk 00:56:19]} {[%emt
00:01:06]} 8. O-O {[%clk 00:59:50]} Bb7 {[%clk 00:56:13]} {[%emt 00:00:27]} 9.
Ne5 {[%clk 00:59:41]} {[%emt 00:00:35]} c5 {[%clk 00:56:01]} {[%emt 00:00:28]}
10. f4 {[%clk 00:59:24]} {[%emt 00:00:32]} Qc7 {[%clk 00:55:31]} {[%emt
00:00:43]} 11. Ndf3 {[%clk 00:59:21]} {[%emt 00:00:20]} Rac8 {[%clk 00:54:43]}
{[%emt 00:01:04]} 12. c4 {[%clk 00:58:29]} {[%emt 00:01:05]} dxc4 {[%clk
00:53:58]} {[%emt 00:01:01]} 13. Bxc4 {[%clk 00:57:25]} {[%emt 00:01:18]} Bd5
{[%clk 00:53:47]} {[%emt 00:00:27]} 14. Bd3 {[%clk 00:57:23]} {[%emt 00:00:17]}
Be4 {[%clk 00:52:58]} {[%emt 00:01:04]} 15. Be2 {[%clk 00:57:15]} {[%emt
00:00:22]} Rfd8 {[%clk 00:51:33]} {[%emt 00:01:42]} 16. Qe1 {[%clk 00:50:40]}
{[%emt 00:06:50]} Qb7 {[%clk 00:50:13]} {[%emt 00:01:36]} 17. Rc1 {[%clk
00:49:26]} {[%emt 00:01:27]} Nf8 {[%clk 00:47:04]} {[%emt 00:03:24]} 18. Qf2
{[%clk 00:48:53]} {[%emt 00:00:46]} Ng6 {[%clk 00:46:31]} {[%emt 00:00:48]} 19.
Rfd1 {[%clk 00:48:08]} {[%emt 00:00:59]} h6 {[%clk 00:43:52]} {[%emt 00:02:57]}
20. Qf1 {[%clk 00:47:50]} {[%emt 00:00:32]} Bd6 {[%clk 00:40:30]} {[%emt
00:03:37]} 21. Ba6 {[%clk 00:47:21]} {[%emt 00:00:45]} Qa8 {[%clk 00:39:04]}
{[%emt 00:01:41]} 22. Bxc8 {[%clk 00:47:12]} {[%emt 00:00:23]} Rxc8 {[%clk
00:39:07]} {[%emt 00:00:13]} 23. dxc5 {[%clk 00:45:22]} {[%emt 00:02:06]} Bxc5
{[%clk 00:38:58]} {[%emt 00:00:24]} 24. Bd4 {[%clk 00:45:04]} {[%emt 00:00:33]}
Bxd4 {[%clk 00:38:38]} {[%emt 00:00:35]} 25. Rxc8+ {[%clk 00:43:17]} {[%emt
00:02:01]} Qxc8 {[%clk 00:38:45]} {[%emt 00:00:08]} 26. Nxd4 {[%clk 00:43:16]}
{[%emt 00:00:15]} Nh4 {[%clk 00:37:58]} {[%emt 00:00:58]} 27. Nef3 {[%clk
00:40:40]} {[%emt 00:02:56]} Bxf3 {[%clk 00:36:09]} {[%emt 00:02:04]} 28. Nxf3
{[%clk 00:40:39]} {[%emt 00:00:16]} Nf5 {[%clk 00:36:16]} {[%emt 00:00:08]} 29.
Qd3 {[%clk 00:39:03]} {[%emt 00:01:51]} Qc5 {[%clk 00:35:48]} {[%emt 00:00:43]}
30. Nd4 {[%clk 00:37:48]} {[%emt 00:01:31]} Ng4 {[%clk 00:34:03]} {[%emt
00:01:55]} 31. Nxf5 {[%clk 00:37:13]} {[%emt 00:00:54]} exf5 {[%clk 00:32:58]}
{[%emt 00:01:20]} 32. Re1 {[%clk 00:36:28]} {[%emt 00:01:00]} Qa5 {[%clk
00:30:30]} {[%emt 00:02:43]} 33. Re2 {[%clk 00:35:43]} {[%emt 00:01:00]} Qa3
{[%clk 00:30:13]} {[%emt 00:00:33]} 34. Qc3 {[%clk 00:35:21]} {[%emt 00:00:34]}
Qa6 {[%clk 00:29:32]} {[%emt 00:00:58]} 35. Rd2 {[%clk 00:34:19]} {[%emt
00:01:18]} Qb7 {[%clk 00:27:43]} {[%emt 00:02:03]} 36. Rc2 {[%clk 00:27:39]}
{[%emt 00:06:55]} Qe4 {[%clk 00:27:25]} {[%emt 00:00:33]} 37. Re2 {[%clk
00:26:23]} {[%emt 00:01:31]} Qb1+ {[%clk 00:27:10]} {[%emt 00:00:30]} 38. Re1
{[%clk 00:25:54]} {[%emt 00:00:43]} Qxa2 {[%clk 00:26:56]} {[%emt 00:00:30]}
39. Qc8+ {[%clk 00:25:57]} {[%emt 00:00:13]} Kh7 {[%clk 00:26:49]} {[%emt
00:00:22]} 40. Qxf5+ {[%clk 00:26:02]} {[%emt 00:00:09]} g6 {[%clk 00:26:50]}
{[%emt 00:00:13]} 41. Qxf7+ {[%clk 00:25:35]} {[%emt 00:00:43]} Kh8 {[%clk
00:26:51]} {[%emt 00:00:13]} 42. Qe8+ {[%clk 00:25:39]} {[%emt 00:00:12]} Kg7
{[%clk 00:26:43]} {[%emt 00:00:22]} 43. Qd7+ {[%clk 00:25:39]} {[%emt
00:00:17]} Kf6 {[%clk 00:26:45]} {[%emt 00:00:12]} 44. Qxg4 {[%clk 00:25:34]}
{[%emt 00:00:19]} Qxb3 {[%clk 00:26:48]} {[%emt 00:00:13]} 45. Qd1 {[%clk
00:25:28]} {[%emt 00:00:20]} Qb4 {[%clk 00:26:34]} {[%emt 00:00:29]} 46. Qd4+
{[%emt 00:00:32]} 1-0

[Event "DEM U8 2025"]
[Site "Willingen GER"]
[Date "2025.06.13"]
[Round "6"]
[White "Mâallem, Mats"]
[Black "Obermeier, Vitus"]
[Result "1-0"]
[Termination "normal"]
[Board "11"]
[WhiteElo "1157"]
[BlackElo "1313"]
[WhiteClock "00:45:16"]
[BlackClock "00:33:01"]
[PlyCount "99"]
[EventCountry "GER"]
[EventRounds "7"]
[EventType "swiss"]
[EventDate "2025.06.10"]

1. e4 {[%clk 01:00:29]} {[%emt 00:00:01]} e5 {[%clk 01:00:22]} {[%emt
00:00:07]} 2. Nf3 {[%clk 01:00:38]} {[%emt 00:00:07]} Nc6 {[%clk 01:00:29]}
{[%emt 00:00:08]} 3. d4 {[%clk 01:00:35]} {[%emt 00:00:17]} d6 {[%clk
00:59:56]} {[%emt 00:00:48]} 4. d5 {[%clk 01:00:43]} {[%emt 00:00:07]} Nce7
{[%clk 00:59:48]} {[%emt 00:00:23]} 5. Bc4 {[%clk 01:00:27]} {[%emt 00:00:33]}
Nf6 {[%clk 00:59:18]} {[%emt 00:00:44]} 6. Nc3 {[%clk 01:00:32]} {[%emt
00:00:10]} h6 {[%clk 00:59:15]} {[%emt 00:00:17]} 7. O-O {[%clk 01:00:38]}
{[%emt 00:00:10]} Ng6 {[%clk 00:59:11]} {[%emt 00:00:19]} 8. Be3 {[%clk
01:00:32]} {[%emt 00:00:21]} Bg4 {[%clk 00:59:01]} {[%emt 00:00:24]} 9. h3
{[%clk 01:00:37]} {[%emt 00:00:10]} Bd7 {[%clk 00:57:51]} {[%emt 00:01:25]} 10.
Re1 {[%clk 01:00:31]} {[%emt 00:00:22]} Be7 {[%clk 00:57:36]} {[%emt 00:00:30]}
11. Qd3 {[%clk 00:59:06]} {[%emt 00:01:41]} c6 {[%clk 00:57:14]} {[%emt
00:00:35]} 12. Rad1 {[%emt 00:01:13]} a5 {[%clk 00:56:29]} {[%emt 00:00:58]}
13. a3 {[%clk 00:57:41]} {[%emt 00:00:46]} O-O {[%clk 00:56:21]} {[%emt
00:00:21]} 14. Bb3 {[%clk 00:55:44]} {[%emt 00:02:13]} Qc8 {[%clk 00:55:19]}
{[%emt 00:01:16]} 15. Na4 {[%clk 00:55:05]} {[%emt 00:00:54]} Ra6 {[%clk
00:54:51]} {[%emt 00:00:38]} 16. Nb6 {[%clk 00:54:40]} {[%emt 00:00:47]} Qc7
{[%clk 00:53:46]} {[%emt 00:01:17]} 17. Nxd7 {[%clk 00:54:14]} {[%emt
00:00:42]} Qxd7 {[%clk 00:53:50]} {[%emt 00:00:12]} 18. Ba4 {[%clk 00:53:34]}
{[%emt 00:00:56]} b5 {[%clk 00:53:42]} {[%emt 00:00:20]} 19. dxc6 {[%clk
00:53:42]} {[%emt 00:00:09]} Qxc6 {[%clk 00:53:22]} {[%emt 00:00:35]} 20. Bxb5
{[%clk 00:53:49]} {[%emt 00:00:08]} Qxe4 {[%clk 00:52:29]} {[%emt 00:01:07]}
21. Qxe4 {[%emt 00:00:34]} Nxe4 {[%clk 00:52:28]} {[%emt 00:00:12]} 22. Bxa6
{[%clk 00:53:43]} {[%emt 00:00:05]} f5 {[%clk 00:51:46]} {[%emt 00:00:58]} 23.
Nd2 {[%clk 00:52:37]} {[%emt 00:01:22]} Ra8 {[%clk 00:50:22]} {[%emt 00:01:39]}
24. Bd3 {[%clk 00:52:23]} {[%emt 00:00:29]} d5 {[%clk 00:50:10]} {[%emt
00:00:26]} 25. Bxe4 {[%clk 00:52:14]} {[%emt 00:00:25]} fxe4 {[%clk 00:50:02]}
{[%emt 00:00:22]} 26. Nb3 {[%clk 00:51:41]} {[%emt 00:00:47]} a4 {[%clk
00:50:03]} {[%emt 00:00:15]} 27. Na1 {[%clk 00:51:32]} {[%emt 00:00:25]} Rf8
{[%clk 00:49:26]} {[%emt 00:00:51]} 28. Rxd5 {[%clk 00:49:55]} {[%emt
00:01:53]} Nf4 {[%clk 00:48:45]} {[%emt 00:00:55]} 29. Rxe5 {[%clk 00:49:02]}
{[%emt 00:01:08]} Bh4 {[%clk 00:48:35]} {[%emt 00:00:24]} 30. Bxf4 {[%clk
00:48:54]} {[%emt 00:00:24]} Bxf2+ {[%clk 00:47:55]} {[%emt 00:00:56]} 31. Kxf2
{[%clk 00:48:57]} {[%emt 00:00:12]} Rxf4+ {[%clk 00:48:02]} {[%emt 00:00:08]}
32. Kg1 {[%clk 00:48:46]} {[%emt 00:00:26]} Rf6 {[%clk 00:46:43]} {[%emt
00:01:33]} 33. R5xe4 {[%clk 00:47:56]} {[%emt 00:01:06]} Rb6 {[%clk 00:45:24]}
{[%emt 00:01:33]} 34. b4 {[%clk 00:47:31]} {[%emt 00:00:40]} axb3 {[%emt
00:00:21]} 35. cxb3 {[%clk 00:47:35]} {[%emt 00:00:09]} Ra6 {[%clk 00:45:19]}
{[%emt 00:00:16]} 36. a4 {[%clk 00:47:40]} {[%emt 00:00:10]} g5 {[%clk
00:44:47]} {[%emt 00:00:47]} 37. b4 {[%clk 00:46:58]} {[%emt 00:00:58]} Rxa4
{[%clk 00:42:00]} {[%emt 00:03:02]} 38. b5 {[%clk 00:46:59]} {[%emt 00:00:13]}
Ra7 {[%clk 00:42:03]} {[%emt 00:00:11]} 39. Rb1 {[%clk 00:46:55]} {[%emt
00:00:22]} Rb7 {[%clk 00:41:45]} {[%emt 00:00:31]} 40. b6 {[%clk 00:46:56]}
{[%emt 00:00:15]} h5 {[%clk 00:40:15]} {[%emt 00:01:43]} 41. Rc4 {[%clk
00:46:54]} {[%emt 00:00:19]} g4 {[%clk 00:38:45]} {[%emt 00:01:45]} 42. Rc8+
{[%clk 00:46:50]} {[%emt 00:00:19]} Kg7 {[%clk 00:37:06]} {[%emt 00:01:52]} 43.
Rc7+ {[%clk 00:46:53]} {[%emt 00:00:14]} Rxc7 {[%clk 00:34:33]} {[%emt
00:02:48]} 44. bxc7 {[%clk 00:46:53]} {[%emt 00:00:15]} gxh3 {[%clk 00:34:07]}
{[%emt 00:00:40]} 45. c8=Q {[%clk 00:45:15]} {[%emt 00:00:26]} h2+ {[%clk
00:34:06]} {[%emt 00:01:44]} 46. Kxh2 {[%clk 00:45:06]} {[%emt 00:00:24]} h4
{[%clk 00:34:13]} {[%emt 00:00:07]} 47. Rb7+ {[%clk 00:45:15]} {[%emt
00:00:07]} Kf6 {[%clk 00:34:15]} {[%emt 00:00:11]} 48. Qc6+ {[%clk 00:45:22]}
{[%emt 00:00:09]} Kf5 {[%clk 00:33:29]} {[%emt 00:01:02]} 49. Rb5+ {[%clk
00:45:16]} {[%emt 00:00:21]} Kg4 {[%clk 00:33:01]} {[%emt 00:00:41]} 50. Qe4#
{[%emt 00:00:15]} 1-0

[Event "DEM U8 2025"]
[Site "Willingen GER"]
[Date "2025.06.13"]
[Round "6"]
[White "Rieland, Hannes"]
[Black "Storl, Jaro"]
[Result "0-1"]
[Termination "normal"]
[Board "12"]
[WhiteElo "1487"]
[BlackElo "1281"]
[WhiteClock "00:14:42"]
[BlackClock "00:35:51"]
[PlyCount "56"]
[WhiteFideId "533022208"]
[EventCountry "GER"]
[EventRounds "7"]
[EventType "swiss"]
[EventDate "2025.06.10"]

1. e4 {[%clk 01:00:27]} {[%emt 00:00:02]} c5 {[%clk 01:00:13]} {[%emt
00:00:17]} 2. c3 {[%clk 01:00:35]} {[%emt 00:00:07]} e6 {[%clk 00:59:00]}
{[%emt 00:01:29]} 3. d4 {[%clk 00:58:16]} {[%emt 00:02:34]} cxd4 {[%clk
00:57:50]} {[%emt 00:01:25]} 4. cxd4 {[%clk 00:57:00]} {[%emt 00:01:30]} Ne7
{[%clk 00:57:38]} {[%emt 00:00:21]} 5. Nf3 {[%clk 00:55:42]} {[%emt 00:01:40]}
g6 {[%clk 00:54:54]} {[%emt 00:02:58]} 6. Bd3 {[%clk 00:54:57]} {[%emt
00:00:59]} Bg7 {[%clk 00:54:59]} {[%emt 00:00:10]} 7. O-O {[%clk 00:54:19]}
{[%emt 00:00:53]} O-O {[%clk 00:54:53]} {[%emt 00:00:22]} 8. Bg5 {[%clk
00:53:54]} {[%emt 00:00:40]} a6 {[%clk 00:47:52]} {[%emt 00:07:15]} 9. Nc3
{[%clk 00:49:36]} {[%emt 00:04:33]} Re8 {[%clk 00:45:56]} {[%emt 00:02:11]} 10.
e5 {[%clk 00:43:24]} {[%emt 00:06:28]} b5 {[%clk 00:45:30]} {[%emt 00:00:31]}
11. Re1 {[%clk 00:41:49]} {[%emt 00:01:58]} Bb7 {[%clk 00:45:14]} {[%emt
00:00:32]} 12. Be4 {[%clk 00:39:29]} {[%emt 00:02:34]} Nbc6 {[%clk 00:44:46]}
{[%emt 00:00:44]} 13. Qd2 {[%clk 00:35:50]} {[%emt 00:03:52]} Qc7 {[%clk
00:43:07]} {[%emt 00:01:57]} 14. Qf4 {[%clk 00:31:35]} {[%emt 00:04:26]} Nf5
{[%clk 00:39:34]} {[%emt 00:03:51]} 15. Bf6 {[%clk 00:30:12]} {[%emt 00:01:37]}
Bxf6 {[%clk 00:39:29]} {[%emt 00:00:21]} 16. exf6 {[%clk 00:30:18]} {[%emt
00:00:09]} Qxf4 {[%clk 00:39:37]} {[%emt 00:00:07]} 17. g3 {[%clk 00:23:23]}
{[%emt 00:07:10]} Qd6 {[%clk 00:37:35]} {[%emt 00:02:17]} 18. a3 {[%clk
00:19:10]} {[%emt 00:04:28]} Nfxd4 {[%clk 00:37:29]} {[%emt 00:00:21]} 19. Rad1
{[%clk 00:18:28]} {[%emt 00:00:57]} Nxf3+ {[%clk 00:37:38]} {[%emt 00:00:07]}
20. Bxf3 {[%clk 00:18:33]} {[%emt 00:00:09]} Qc7 {[%clk 00:37:01]} {[%emt
00:00:51]} 21. Ne4 {[%emt 00:00:50]} Ne5 {[%emt 00:00:41]} 22. Bg2 {[%clk
00:16:42]} {[%emt 00:00:34]} Bxe4 {[%clk 00:36:35]} {[%emt 00:00:43]} 23. Bxe4
{[%clk 00:16:40]} {[%emt 00:00:15]} Rac8 {[%clk 00:36:20]} {[%emt 00:00:33]}
24. Rc1 {[%clk 00:16:37]} {[%emt 00:00:17]} Qa7 {[%clk 00:35:39]} {[%emt
00:00:51]} 25. Rcd1 {[%clk 00:15:43]} {[%emt 00:01:14]} Ng4 {[%clk 00:35:41]}
{[%emt 00:00:08]} 26. h3 {[%clk 00:14:42]} {[%emt 00:01:22]} Qxf2+ {[%clk
00:35:51]} {[%emt 00:00:05]} 27. Kh1 {[%emt 00:00:22]} Qh2# 28. Kg1 {[%emt
00:00:03]} Qf2+ 0-1

[Event "DEM U8 2025"]
[Site "Willingen GER"]
[Date "2025.06.13"]
[Round "6"]
[White "Fuchs, Louis Joel"]
[Black "Bektas, Luey"]
[Result "0-1"]
[Termination "normal"]
[Board "14"]
[WhiteElo "1175"]
[BlackElo "1053"]
[WhiteClock "00:58:44"]
[BlackClock "00:49:39"]
[PlyCount "46"]
[BlackFideId "533024642"]
[EventCountry "GER"]
[EventRounds "7"]
[EventType "swiss"]
[EventDate "2025.06.10"]

1. e4 {[%clk 01:00:28]} {[%emt 00:00:03]} c6 {[%clk 01:00:26]} {[%emt
00:00:04]} 2. d4 {[%clk 01:00:37]} {[%emt 00:00:06]} d5 {[%clk 01:00:36]}
{[%emt 00:00:05]} 3. Nc3 {[%clk 01:00:47]} {[%emt 00:00:04]} dxe4 {[%clk
01:00:42]} {[%emt 00:00:09]} 4. Nxe4 {[%clk 01:00:54]} {[%emt 00:00:10]} Nf6
{[%clk 01:00:52]} {[%emt 00:00:04]} 5. Nxf6+ {[%clk 01:01:02]} {[%emt
00:00:08]} exf6 {[%clk 01:00:44]} {[%emt 00:00:21]} 6. Bf4 {[%clk 01:01:09]}
{[%emt 00:00:09]} Be7 {[%clk 01:00:46]} {[%emt 00:00:13]} 7. Qd2 {[%clk
01:01:13]} {[%emt 00:00:11]} O-O {[%clk 01:00:50]} {[%emt 00:00:11]} 8. O-O-O
{[%clk 01:01:21]} {[%emt 00:00:07]} Be6 {[%clk 01:00:13]} {[%emt 00:00:52]} 9.
Nf3 {[%clk 01:01:20]} {[%emt 00:00:16]} Bxa2 {[%clk 01:00:14]} {[%emt
00:00:13]} 10. Re1 {[%clk 01:01:16]} {[%emt 00:00:20]} a5 {[%clk 00:59:00]}
{[%emt 00:01:30]} 11. b3 {[%clk 01:01:24]} {[%emt 00:00:07]} a4 {[%clk
00:58:42]} {[%emt 00:00:34]} 12. Kb2 {[%clk 01:01:12]} {[%emt 00:00:26]} axb3
{[%clk 00:55:33]} {[%emt 00:03:24]} 13. cxb3 {[%clk 01:01:17]} {[%emt
00:00:11]} Bxb3 {[%clk 00:53:52]} {[%emt 00:01:55]} 14. Kxb3 {[%clk 01:01:24]}
{[%emt 00:00:09]} Qb6+ {[%clk 00:54:00]} {[%emt 00:00:06]} 15. Kc2 {[%clk
00:59:49]} {[%emt 00:01:50]} Ra2+ {[%clk 00:53:57]} {[%emt 00:00:18]} 16. Kc1
{[%clk 00:59:37]} {[%emt 00:00:26]} Rxd2 {[%clk 00:52:04]} {[%emt 00:02:08]}
17. Nxd2 {[%clk 00:59:34]} {[%emt 00:00:19]} Re8 {[%clk 00:51:24]} {[%emt
00:00:55]} 18. Bxb8 {[%clk 00:59:14]} {[%emt 00:00:35]} Ba3+ {[%clk 00:50:57]}
{[%emt 00:00:42]} 19. Kd1 {[%clk 00:59:10]} {[%emt 00:00:18]} Rxb8 {[%clk
00:50:48]} {[%emt 00:00:23]} 20. Bd3 {[%clk 00:59:09]} {[%emt 00:00:17]} Bb4
{[%clk 00:50:33]} {[%emt 00:00:32]} 21. Re2 {[%clk 00:59:12]} {[%emt 00:00:12]}
Qxd4 {[%clk 00:49:47]} {[%emt 00:00:58]} 22. Bb1 {[%clk 00:58:53]} {[%emt
00:00:35]} Rd8 {[%clk 00:49:47]} {[%emt 00:00:16]} 23. Rhe1 {[%clk 00:58:44]}
{[%emt 00:00:23]} Kf8 {[%clk 00:49:39]} {[%emt 00:00:22]} 0-1

[Event "DEM U8 2025"]
[Site "Willingen GER"]
[Date "2025.06.13"]
[Round "6"]
[White "Tilenbaev, Akyl"]
[Black "Pott, Philipp"]
[Result "0-1"]
[Termination "normal"]
[Board "15"]
[WhiteElo "1257"]
[BlackElo "994"]
[WhiteClock "00:06:57"]
[BlackClock "00:31:59"]
[PlyCount "134"]
[BlackFideId "533031975"]
[EventCountry "GER"]
[EventRounds "7"]
[EventType "swiss"]
[EventDate "2025.06.10"]

1. e4 {[%clk 01:00:28]} {[%emt 00:32:42]} c5 {[%clk 01:00:26]} {[%emt
00:00:06]} 2. Nf3 {[%clk 01:00:38]} {[%emt 00:00:05]} d6 {[%clk 01:00:35]}
{[%emt 00:00:06]} 3. d4 {[%clk 01:00:49]} {[%emt 00:00:05]} cxd4 {[%clk
01:00:39]} {[%emt 00:00:10]} 4. Nxd4 {[%clk 01:00:57]} {[%emt 00:00:06]} Nf6
{[%clk 01:00:46]} {[%emt 00:00:08]} 5. Nc3 {[%clk 01:01:07]} {[%emt 00:00:05]}
g6 {[%clk 01:00:51]} {[%emt 00:00:10]} 6. Be3 {[%clk 01:01:18]} {[%emt
00:00:05]} Bg7 {[%clk 01:00:57]} {[%emt 00:00:09]} 7. Bc4 {[%clk 01:01:17]}
{[%emt 00:00:16]} O-O {[%clk 01:01:01]} {[%emt 00:00:09]} 8. f3 {[%clk
01:01:29]} {[%emt 00:00:04]} Nc6 {[%clk 01:00:52]} {[%emt 00:00:25]} 9. Qd2
{[%clk 01:01:38]} {[%emt 00:00:06]} Bd7 {[%clk 01:01:01]} {[%emt 00:00:07]} 10.
O-O-O {[%clk 01:01:42]} {[%emt 00:00:11]} Rc8 {[%clk 01:01:09]} {[%emt
00:00:07]} 11. Bb3 {[%clk 01:01:51]} {[%emt 00:00:06]} Ne5 {[%clk 01:00:31]}
{[%emt 00:00:54]} 12. g4 {[%clk 01:01:49]} {[%emt 00:00:17]} b5 {[%clk
01:00:10]} {[%emt 00:00:36]} 13. h4 {[%clk 01:01:24]} {[%emt 00:00:40]} h5
{[%clk 00:58:34]} {[%emt 00:01:51]} 14. gxh5 {[%clk 00:59:26]} {[%emt
00:02:13]} Nxh5 {[%clk 00:57:49]} {[%emt 00:01:00]} 15. Bh6 {[%clk 00:56:06]}
{[%emt 00:03:35]} b4 {[%clk 00:55:59]} {[%emt 00:02:05]} 16. Na4 {[%clk
00:55:23]} {[%emt 00:00:56]} Qa5 {[%clk 00:54:19]} {[%emt 00:01:55]} 17. f4
{[%clk 00:40:29]} {[%emt 00:15:11]} Bxh6 {[%clk 00:54:02]} {[%emt 00:00:32]}
18. Qf2 {[%clk 00:37:25]} {[%emt 00:03:19]} Bxa4 {[%clk 00:53:41]} {[%emt
00:00:36]} 19. Kb1 {[%clk 00:36:55]} {[%emt 00:00:44]} Bxb3 {[%clk 00:53:11]}
{[%emt 00:00:46]} 20. Nxb3 {[%clk 00:36:59]} {[%emt 00:00:11]} Qb6 {[%clk
00:52:58]} {[%emt 00:00:29]} 21. Qxb6 {[%clk 00:36:44]} {[%emt 00:00:29]} axb6
{[%clk 00:52:31]} {[%emt 00:00:43]} 22. fxe5 {[%clk 00:36:37]} {[%emt
00:00:21]} dxe5 {[%clk 00:52:36]} {[%emt 00:00:09]} 23. Rd5 {[%emt 00:00:23]}
f6 {[%clk 00:51:43]} {[%emt 00:01:06]} 24. Rb5 {[%clk 00:36:18]} {[%emt
00:00:28]} Rb8 {[%clk 00:49:36]} {[%emt 00:02:23]} 25. Rxb4 {[%clk 00:36:14]}
{[%emt 00:00:18]} Rfd8 {[%clk 00:49:05]} {[%emt 00:00:45]} 26. a3 {[%clk
00:35:12]} {[%emt 00:01:18]} Ng3 {[%clk 00:47:57]} {[%emt 00:01:23]} 27. Rg1
{[%clk 00:35:06]} {[%emt 00:00:21]} Bf4 {[%clk 00:47:35]} {[%emt 00:00:37]} 28.
c3 {[%clk 00:32:42]} {[%emt 00:02:38]} Kf7 {[%clk 00:46:50]} {[%emt 00:01:00]}
29. Ka2 {[%clk 00:32:21]} {[%emt 00:00:37]} f5 {[%clk 00:44:48]} {[%emt
00:02:18]} 30. exf5 {[%clk 00:32:03]} {[%emt 00:00:32]} Nxf5 {[%clk 00:44:22]}
{[%emt 00:00:41]} 31. Rh1 {[%clk 00:31:54]} {[%emt 00:00:23]} Rh8 {[%clk
00:40:34]} {[%emt 00:04:03]} 32. c4 {[%clk 00:29:47]} {[%emt 00:02:23]} Be3
{[%clk 00:38:45]} {[%emt 00:02:04]} 33. a4 {[%clk 00:29:32]} {[%emt 00:00:30]}
Bc5 {[%clk 00:37:14]} {[%emt 00:01:45]} 34. Nxc5 {[%clk 00:29:34]} {[%emt
00:00:13]} bxc5 {[%clk 00:37:22]} {[%emt 00:00:07]} 35. Rxb8 {[%clk 00:29:40]}
{[%emt 00:00:08]} Rxb8 {[%clk 00:37:30]} {[%emt 00:00:08]} 36. Rf1 {[%emt
00:01:06]} Ke6 {[%clk 00:37:06]} {[%emt 00:00:10]} 37. Rg1 {[%clk 00:28:32]}
{[%emt 00:01:00]} Rg8 {[%clk 00:36:32]} {[%emt 00:00:51]} 38. h5 {[%clk
00:28:17]} {[%emt 00:00:30]} g5 {[%clk 00:36:11]} {[%emt 00:00:36]} 39. b3
{[%clk 00:27:49]} {[%emt 00:00:43]} g4 {[%clk 00:36:17]} {[%emt 00:00:09]} 40.
Kb2 {[%clk 00:27:34]} {[%emt 00:00:31]} g3 {[%clk 00:35:44]} {[%emt 00:00:48]}
41. Kc2 {[%clk 00:27:34]} {[%emt 00:00:14]} Rh8 {[%clk 00:35:49]} {[%emt
00:00:10]} 42. Kd3 {[%clk 00:21:27]} {[%emt 00:06:22]} Rxh5 {[%clk 00:35:36]}
{[%emt 00:00:28]} 43. Ke2 {[%clk 00:20:38]} {[%emt 00:01:05]} e4 {[%clk
00:35:20]} {[%emt 00:00:31]} 44. Ke1 {[%clk 00:20:34]} {[%emt 00:00:19]} Rg5
{[%clk 00:34:43]} {[%emt 00:00:52]} 45. Kf1 {[%clk 00:20:07]} {[%emt 00:00:42]}
Kd7 {[%clk 00:33:43]} {[%emt 00:01:15]} 46. Ke2 {[%clk 00:19:29]} {[%emt
00:00:51]} Kc6 {[%clk 00:33:35]} {[%emt 00:00:25]} 47. Kd2 {[%clk 00:19:31]}
{[%emt 00:00:12]} Kb6 {[%clk 00:33:03]} {[%emt 00:00:47]} 48. Kc2 {[%clk
00:18:13]} {[%emt 00:01:32]} Ka5 {[%clk 00:32:49]} {[%emt 00:00:30]} 49. Kd2
{[%clk 00:16:52]} {[%emt 00:01:36]} Kb4 {[%clk 00:32:47]} {[%emt 00:00:17]} 50.
Kc2 {[%clk 00:16:57]} {[%emt 00:00:11]} g2 {[%clk 00:32:45]} {[%emt 00:00:17]}
51. Kb2 {[%clk 00:11:17]} {[%emt 00:05:55]} Ne3 {[%clk 00:32:32]} {[%emt
00:00:27]} 52. Ka2 {[%clk 00:09:48]} {[%emt 00:01:44]} Rh5 {[%clk 00:32:36]}
{[%emt 00:00:10]} 53. a5 {[%clk 00:09:35]} {[%emt 00:00:28]} Kxa5 {[%clk
00:32:30]} {[%emt 00:00:22]} 54. b4+ {[%clk 00:08:46]} {[%emt 00:01:04]} cxb4
{[%clk 00:32:07]} {[%emt 00:00:37]} 55. Kb2 {[%clk 00:07:03]} {[%emt 00:01:59]}
Rh1 {[%clk 00:32:00]} {[%emt 00:00:22]} 56. Rxh1 {[%clk 00:07:09]} {[%emt
00:00:08]} gxh1=R {[%emt 00:00:12]} 57. Kb3 {[%clk 00:06:57]} {[%emt 00:00:24]}
Nxc4 {[%clk 00:32:08]} {[%emt 00:00:15]} 58. Kxc4 {[%clk 00:06:54]} {[%emt
00:00:17]} e3 {[%clk 00:32:05]} {[%emt 00:00:18]} 59. Kd3 {[%clk 00:06:57]}
{[%emt 00:00:12]} b3 {[%clk 00:32:12]} {[%emt 00:00:08]} 60. Kxe3 {[%clk
00:07:05]} {[%emt 00:00:07]} b2 {[%clk 00:31:23]} {[%emt 00:01:05]} 61. Kd2
{[%clk 00:07:14]} {[%emt 00:00:05]} b1=R {[%clk 00:31:28]} {[%emt 00:00:10]}
62. Kc2 {[%clk 00:07:13]} {[%emt 00:00:16]} Rbg1 {[%clk 00:31:32]} {[%emt
00:00:11]} 63. Kd3 {[%clk 00:07:19]} {[%emt 00:00:09]} Rh4 {[%clk 00:31:35]}
{[%emt 00:00:12]} 64. Ke3 {[%clk 00:07:27]} {[%emt 00:00:07]} Rg3+ {[%clk
00:31:38]} {[%emt 00:00:13]} 65. Kf2 {[%clk 00:07:31]} {[%emt 00:00:11]} Ra3
{[%clk 00:31:43]} {[%emt 00:00:09]} 66. Ke2 {[%clk 00:06:49]} {[%emt 00:00:58]}
Rh2+ {[%clk 00:31:50]} {[%emt 00:00:09]} 67. Kf1 {[%clk 00:06:57]} {[%emt
00:00:06]} Ra1# {[%clk 00:31:59]} {[%emt 00:00:07]} 0-1